000
00329nam a2200121Ia 4500
008
180222s9999||||xx |||||||||||||| ||und||
020
_c
NT
_2
80
_a
978-986-320-336-0
100
_a
王文華
245
0
_c
王文華
_a
A+到A咖:A+企業教我活出精彩人生
250
_a
一版
260
_c
2013.11
_a
台北市
300
_c
cm.
_a
p.
942
_2
ccl
_c
BOOK
999
_c
5995
_d
5995